000 00946nam a2200241 i 4500
001 193617
003 ES-MaACL
005 20250801100038.0
008 250113s1851 sp 000 0 spa d
035 _aRebiun06095428
040 _aUVA.
_bspa
_cES-MaACL
100 _aPérez Martín, Félix
_9234960
_eaut
245 1 0 _aCurso completo de literatura latina :
_bdispuesto con arreglo al programa del gobierno... /
_cpor Felix Perez Martin
260 _aBurgos :
_bImprenta de Arnaiz,
_c1851
300 _a442, CCXLIV, [16] p. ;
_c23 cm
510 _aCCPB,
_c000199750-5
650 0 7 _aLiteratura latina
_2embne
_914632
752 _aEspaña
_dBurgos
852 _aES-MaACL
_9204527
_bR.154987
_jG-16027
_cDEPO2
_xEncuadernación holandesa
_fSello impreso en verso de cubierta anterior: "Imprenta, Librería y Encuadernacion de Moran"
942 _cMONANT
999 _c193617
_d193617